| 000 | 01092cab a2200277 4500 | ||
|---|---|---|---|
| 001 | ABS60729 | ||
| 008 | 090401t1999 xxu||||| |||| 00| 0 eng d | ||
| 035 | _a(Sirsi) u93911 | ||
| 041 | _aeng | ||
| 100 | _aLawson, D. | ||
| 245 | _aDefying deflation | ||
| 260 | _c1999 | ||
| 350 | _a0 | ||
| 490 |
_aProperty Week _v64(22) 4 June 1999, 28-32(5) |
||
| 520 | _aDiscusses a recent report by Richard Ellis St Quintin, "Property into the new era", which looks at the performance of property as an asset since the 1920s, and canvasses the opinions of industry experts as to ways in which to get the best return from property in periods of low-inflation. Copies of the report are available free from Kathy Waugh on 0171 629 6290. | ||
| 650 | _aPROPERTY-COMMERCIAL PROPERTY | ||
| 650 | _aDEFLATION | ||
| 650 | _aLOW INFLATION | ||
| 650 | _aPROPERTY DEVELOPMENT | ||
| 650 | _aPROPERTY INVESTMENT | ||
| 650 | _aRETURNS | ||
| 650 | _aRICHARD ELLIS ST QUINTIN | ||
| 690 | _aPROPERTY-COMMERCIAL PROPERTY-COMMERCIAL PROPERTY FINANCE AND INVESTMENT | ||
| 942 | _n0 | ||
| 948 | _c14/06/1999 | ||
| 999 |
_c59514 _d59514 |
||